[Event "GRE-ch U16"]
[Site "Rio Achaia"]
[Date "2018.07.08"]
[Round "8"]
[White "Aggelakis, Ilias"]
[Black "Stamatis, Vasilios"]
[Result "0-1"]
[WhiteElo "1654"]
[BlackElo "1743"]
[PlyCount "94"]
[EventDate "2018.07.03"]
[EventType "swiss"]
[EventRounds "9"]
[EventCountry "GRE"]
[SourceTitle "EXT 2019"]
[Source "ChessBase"]
[SourceDate "2018.10.10"]
[SourceVersion "1"]
[SourceVersionDate "2018.10.10"]
[SourceQuality "1"]

1. c4 Nf6 2. Nf3 g6 3. g3 Bg7 4. Bg2 0-0 5. 0-0 d6 6. d4 Nbd7 7. Nc3 e5 8. d5 a5 9. e4 Nc5 10. Qe2 Re8 11. Rb1 Qe7 12. b3 Bd7 13. a3 Nfxe4 14. Nxe4 Nxe4 15. Bb2 f5 16. Nd2 Nxd2 17. Qxd2 e4 18. Bxg7 Qxg7 19. b4 axb4 20. axb4 Ra3 21. Rfc1 Rea8 22. c5 Bb5 23. cxd6 cxd6 24. Bf1 Bxf1 25. Kxf1 Rd3 26. Qf4 Qe7 27. b5 Rxd5 28. b6 Rc5 29. Rxc5 dxc5 30. Qc7 Qxc7 31. bxc7 Rc8 32. Rxb7 Kf7 33. Ke2 Ke7 34. Ke3 Kd7 35. g4 Rxc7 36. Rb1 Ke6 37. gxf5+ gxf5 38. f3 exf3 39. Kxf3 Kd5 40. Ke2 Ke4 41. Rc1 c4 42. Rc3 Kd4 43. Kd2 Rg7 44. Rh3 f4 45. Rh4 Rf7 46. Rh6 f3 47. Rd6+ Kc5 0-1

[Event "GRE-ch U16"]
[Site "Rio Achaia"]
[Date "2018.07.06"]
[Round "5"]
[White "Stamatis, Vasilios"]
[Black "Souretis, Athanasios"]
[Result "1-0"]
[WhiteElo "1743"]
[BlackElo "1222"]
[PlyCount "117"]
[EventDate "2018.07.03"]
[EventType "swiss"]
[EventRounds "9"]
[EventCountry "GRE"]
[SourceTitle "EXT 2019"]
[Source "ChessBase"]
[SourceDate "2018.10.10"]
[SourceVersion "1"]
[SourceVersionDate "2018.10.10"]
[SourceQuality "1"]

1. d4 d5 2. Bf4 Nf6 3. e3 c6 4. c4 e6 5. Nc3 Bd6 6. Bg3 0-0 7. Nf3 dxc4 8. Bxc4 Be7 9. h3 Nbd7 10. 0-0 Bb4 11. Qc2 c5 12. Bh2 cxd4 13. Nxd4 Nb6 14. Be2 Bd6 15. Bxd6 Qxd6 16. Bf3 Nbd5 17. Nxd5 Nxd5 18. Nb5 Qb6 19. Nd4 Qd6 20. Rfd1 Bd7 21. Nf5 exf5 22. Rxd5 Qc6 23. Qxc6 Bxc6 24. Rxf5 Bxf3 25. gxf3 Rac8 26. Rd1 Rfd8 27. Rfd5 Rxd5 28. Rxd5 b6 29. Rd7 Ra8 30. Kf1 g6 31. Ke2 Kg7 32. Kd3 Kf6 33. f4 Ke6 34. Rb7 Rd8+ 35. Ke2 Rd7 36. Rxd7 Kxd7 37. e4 Ke6 38. Ke3 f6 39. Kd4 Kd6 40. e5+ fxe5+ 41. fxe5+ Ke6 42. Ke4 Ke7 43. Kd5 Kd7 44. e6+ Ke7 45. Ke5 Ke8 46. Kf6 Kf8 47. e7+ Ke8 48. b3 a6 49. a3 b5 50. b4 g5 51. Kxg5 Kxe7 52. f4 Kf7 53. f5 Kg7 54. f6+ Kf7 55. Kf5 h5 56. h4 Kg8 57. Kg6 Kf8 58. Kxh5 Kf7 59. Kg5 1-0

[Event "GRE-chT Schools Lykeia 16th"]
[Site "Peristeri"]
[Date "2018.03.31"]
[Round "2.3"]
[White "Stamatis, Vasilios"]
[Black "Nikolakis, Panagiotis Marios"]
[Result "0-1"]
[WhiteElo "1744"]
[BlackElo "1986"]
[PlyCount "58"]
[EventDate "2018.03.31"]
[EventType "team-swiss (rapid)"]
[EventRounds "6"]
[EventCountry "GRE"]
[SourceTitle "EXT 2019"]
[Source "ChessBase"]
[SourceDate "2018.10.10"]
[SourceVersion "1"]
[SourceVersionDate "2018.10.10"]
[SourceQuality "1"]

1. d4 Nf6 2. Nf3 e6 3. Bf4 c5 4. e3 Nc6 5. c3 d5 6. Nbd2 cxd4 7. exd4 Nh5 8. Bg3 Nxg3 9. hxg3 g6 10. Bd3 Bg7 11. Qe2 0-0 12. 0-0 f6 13. Rad1 e5 14. dxe5 fxe5 15. Bc2 Qe7 16. Bb3 Be6 17. c4 d4 18. Ne4 Na5 19. Neg5 Nxb3 20. axb3 Bg4 21. Rxd4 Qxg5 22. c5 Bxf3 23. Qc4+ Kh8 24. Rd7 Bc6 25. Rf7 Rxf7 26. Qxf7 Qf6 27. Qc4 Rd8 28. f4 exf4 29. Rxf4 Qxb2 0-1

[Event "GRE-chT Schools Lykeia 16th"]
[Site "Peristeri"]
[Date "2018.03.31"]
[Round "3.3"]
[White "Stamatis, Vasilios"]
[Black "Stefanatos, Gerasimos"]
[Result "1-0"]
[WhiteElo "1744"]
[BlackElo "1557"]
[PlyCount "77"]
[EventDate "2018.03.31"]
[EventType "team-swiss (rapid)"]
[EventRounds "6"]
[EventCountry "GRE"]
[SourceTitle "EXT 2019"]
[Source "ChessBase"]
[SourceDate "2018.10.10"]
[SourceVersion "1"]
[SourceVersionDate "2018.10.10"]
[SourceQuality "1"]

1. d4 Nf6 2. Bf4 e6 3. Nf3 c5 4. e3 Nc6 5. c3 Qb6 6. Qb3 Qxb3 7. axb3 a6 8. h3 cxd4 9. exd4 Be7 10. b4 b5 11. Bxb5 Bb7 12. Be2 0-0 13. Nbd2 Nd5 14. Bh2 Rfc8 15. Nc4 f6 16. 0-0 Kf7 17. Nfd2 Na7 18. Na5 Bc6 19. Bxa6 Rd8 20. Nxc6 dxc6 21. Bb7 Rac8 22. Bxc8 Nxc8 23. Ne4 Nd6 24. Nxd6+ Bxd6 25. Bxd6 Rxd6 26. Ra7+ Kg6 27. Rfa1 Nb6 28. R7a6 Nc4 29. R1a2 e5 30. b3 exd4 31. bxc4 dxc3 32. Rc2 Kf5 33. Rxc3 Ke6 34. Re3+ Kf7 35. b5 Rd1+ 36. Kh2 Rd2 37. Kg3 cxb5 38. cxb5 Rb2 39. b6 1-0

[Event "GRE-ch U16"]
[Site "Achaia"]
[Date "2017.07.02"]
[Round "9"]
[White "Stamatis, Ioannis"]
[Black "Stamatis, Vasilios"]
[Result "0-1"]
[WhiteElo "1805"]
[BlackElo "1709"]
[PlyCount "40"]
[EventDate "2017.06.26"]
[EventType "swiss"]
[EventRounds "9"]
[EventCountry "GRE"]
[SourceTitle "CBM 179 Extra"]
[Source "ChessBase"]
[SourceDate "2017.08.23"]
[SourceVersion "1"]
[SourceVersionDate "2017.08.23"]
[SourceQuality "1"]

1. e4 c5 2. Nf3 d6 3. d4 cxd4 4. Nxd4 Nf6 5. Nc3 a6 6. f3 e5 7. Nb3 Be6 8. Be3 Nbd7 9. Qd2 Be7 10. 0-0-0 Rc8 11. g4 Nb6 12. h4 Nfd7 13. Qf2 Rxc3 14. bxc3 Na4 15. c4 Qc7 16. Qd2 0-0 17. Be2 Rc8 18. c5 dxc5 19. Qa5 Qc6 20. Rd5 Bd8 0-1

[Event "GRE-ch U16"]
[Site "Achaia"]
[Date "2017.06.30"]
[Round "7"]
[White "Argyropoulos, Theodoros"]
[Black "Stamatis, Vasilios"]
[Result "1/2-1/2"]
[WhiteElo "1629"]
[BlackElo "1709"]
[PlyCount "44"]
[EventDate "2017.06.26"]
[EventType "swiss"]
[EventRounds "9"]
[EventCountry "GRE"]
[SourceTitle "CBM 179 Extra"]
[Source "ChessBase"]
[SourceDate "2017.08.23"]
[SourceVersion "1"]
[SourceVersionDate "2017.08.23"]
[SourceQuality "1"]

1. e4 c5 2. Nc3 a6 3. f4 b5 4. g3 Bb7 5. Bg2 e6 6. d3 d5 7. e5 Nh6 8. Nf3 Nc6 9. 0-0 Nf5 10. Kh1 h5 11. Kg1 Be7 12. a4 Qb6 13. Ne2 d4 14. axb5 axb5 15. Rxa8+ Bxa8 16. Bh3 g6 17. Bd2 c4 18. Rf2 Bb7 19. g4 hxg4 20. Bxg4 Nh4 21. Ng3 Nxf3+ 22. Bxf3 Bh4 1/2-1/2

[Event "GRE-ch U16"]
[Site "Achaia"]
[Date "2017.06.28"]
[Round "4"]
[White "Stamatis, Vasilios"]
[Black "Printzios, Lampros"]
[Result "1/2-1/2"]
[WhiteElo "1709"]
[BlackElo "1234"]
[PlyCount "152"]
[EventDate "2017.06.26"]
[EventType "swiss"]
[EventRounds "9"]
[EventCountry "GRE"]
[SourceTitle "CBM 179 Extra"]
[Source "ChessBase"]
[SourceDate "2017.08.23"]
[SourceVersion "1"]
[SourceVersionDate "2017.08.23"]
[SourceQuality "1"]

1. e4 d6 2. d4 Nf6 3. f3 c6 4. Be3 b5 5. Ne2 g6 6. Qd2 Bg7 7. c3 0-0 8. Ng3 Bb7 9. Be2 Re8 10. 0-0 Nbd7 11. Na3 Qc7 12. c4 a6 13. Rac1 bxc4 14. Nxc4 e5 15. dxe5 dxe5 16. Qa5 Qxa5 17. Nxa5 Rab8 18. b3 Bf8 19. Nxb7 Rxb7 20. Bxa6 Rc7 21. a4 Rb8 22. Bb5 Bc5 23. Rxc5 Nxc5 24. Bxc5 cxb5 25. Bd6 Rbb7 26. Bxc7 Rxc7 27. a5 b4 28. Ra1 Ra7 29. Ra4 Nd7 30. Rxb4 Rxa5 31. Ra4 Rxa4 32. bxa4 Nc5 33. a5 Kf8 34. Nf1 Ke8 35. Ne3 Kd7 36. Kf2 Kc6 37. Nc4 f6 38. g4 g5 39. Ke3 Kb5 40. Nd6+ Kxa5 41. Ne8 Nd7 42. Nd6 Kb4 43. Nf5 Kc5 44. Kd3 Kc6 45. h4 gxh4 46. Nxh4 Kd6 47. Kc4 Ke6 48. Kb5 Nf8 49. Kc6 Ng6 50. Nf5 Nf4 51. Kc5 Nh3 52. Kc4 Ng5 53. Nh4 Nh3 54. Kd3 Nf4+ 55. Ke3 Ng6 56. Ng2 Kf7 57. Kd3 Ke6 58. Kc4 Kd6 59. Kd3 Nf4+ 60. Nxf4 exf4 61. Kd4 h6 62. Kd3 Kc5 63. Kc3 Kd6 64. Kd4 Ke6 65. Kc4 Kd6 66. Kb5 Ke6 67. Kc6 Ke5 68. Kc5 Ke6 69. Kc4 Kd6 70. Kd3 Kc5 71. Kc3 Kd6 72. Kd4 Ke6 73. Kc3 Ke5 74. Kc4 Ke6 75. Kb5 Ke5 76. Kc5 Ke6 1/2-1/2

[Event "GRE-chT U16 9th"]
[Site "Thessaloniki"]
[Date "2016.12.17"]
[Round "5.2"]
[White "Stamatis, Vasilios"]
[Black "Blitsas, Orestis"]
[Result "1/2-1/2"]
[WhiteElo "1791"]
[BlackElo "1578"]
[PlyCount "67"]
[EventDate "2016.12.15"]
[EventType "team-swiss"]
[EventRounds "6"]
[EventCountry "GRE"]
[SourceTitle "CBM 176 Extra"]
[Source "ChessBase"]
[SourceDate "2017.03.02"]
[SourceVersion "1"]
[SourceVersionDate "2017.03.02"]
[SourceQuality "1"]
[WhiteTeam "Kavalas"]
[BlackTeam "Alexandroupolis Ethnikos"]
[WhiteTeamCountry "GRE"]
[BlackTeamCountry "GRE"]

1. e4 c5 2. Nf3 e6 3. d4 cxd4 4. Nxd4 Nc6 5. c4 Nf6 6. Nc3 Bb4 7. Qd3 d5 8. Nxc6 bxc6 9. cxd5 Bxc3+ 10. Qxc3 cxd5 11. exd5 Qxd5 12. Qc4 Bb7 13. Qxd5 Nxd5 14. Bb5+ Ke7 15. b3 f6 16. Ba3+ Kf7 17. 0-0 Rac8 18. Rfe1 Rc2 19. Bd3 Rc3 20. Bc4 g6 21. Bc5 a6 22. Bd4 Rc2 23. Red1 Rc8 24. Bd3 R2c7 25. Bc4 Rd7 26. Rd2 Ke7 27. Rad1 Rdc7 28. a3 Kf7 29. a4 Ke7 30. Re1 Rd7 31. Bb2 Rcd8 32. g3 Nc7 33. Rde2 Bd5 34. Rc2 1/2-1/2

[Event "GRE-chT U16 9th"]
[Site "Thessaloniki"]
[Date "2016.12.16"]
[Round "3.1"]
[White "Theodorou, Nikolas"]
[Black "Stamatis, Vasilios"]
[Result "1-0"]
[WhiteElo "2485"]
[BlackElo "1791"]
[PlyCount "104"]
[EventDate "2016.12.15"]
[EventType "team-swiss"]
[EventRounds "6"]
[EventCountry "GRE"]
[SourceTitle "CBM 176 Extra"]
[Source "ChessBase"]
[SourceDate "2017.03.02"]
[SourceVersion "1"]
[SourceVersionDate "2017.03.02"]
[SourceQuality "1"]
[WhiteTeam "Chanion"]
[BlackTeam "Kavalas"]
[WhiteTeamCountry "GRE"]
[BlackTeamCountry "GRE"]

1. Nf3 d5 2. d4 c6 3. c4 Nf6 4. g3 Bg4 5. Bg2 e6 6. 0-0 Nbd7 7. Qb3 Qb6 8. Nc3 Be7 9. c5 Qa6 10. h3 Bxf3 11. Bxf3 b6 12. cxb6 axb6 13. e4 0-0 14. Be2 Qa5 15. exd5 Nxd5 16. Bd2 Nxc3 17. Bxc3 Qf5 18. Bg4 Qd5 19. Qxd5 cxd5 20. Be2 Rfc8 21. Rfc1 Nf6 22. f3 Nh5 23. Kg2 Bd6 24. Be1 g6 25. a3 e5 26. Bf2 exd4 27. Bd3 Be5 28. Re1 Bd6 29. Rad1 Ra4 30. Re2 Ra7 31. f4 Bxf4 32. gxf4 Nxf4+ 33. Kf3 Nxe2 34. Kxe2 Ra4 35. Kd2 f5 36. Re1 Kf7 37. Re5 Rc5 38. Bc2 Kf6 39. Re1 Rac4 40. Bb3 Rb5 41. Bxc4 Rxb2+ 42. Kd1 Rxf2 43. Bxd5 Rh2 44. Re6+ Kg5 45. Rxb6 Rxh3 46. a4 Rc3 47. Rb5 h5 48. a5 Rc7 49. a6 Ra7 50. Bb7 h4 51. Ke2 Kg4 52. Kf2 h3 1-0